000 01385nam0a22003371 4500
001 rc\2115642
005 20110826153120.9
035 _a(NLR Aleph) 006521328
090 _a6433500
_c6433500
100 _a20110826d1979 |||y0rusy50 ca
101 0 _arus
102 _aRU
105 _ay z |||||
200 1 _aПочвы, удобрения и качество растениеводческой продукции
_e[Науч. тр. ВАСХНИЛ]
210 _aМосква
_cКолос
_d1979
215 _a302 с.
_d20
300 _aЗагл. корешка: Почвы, удобрения и качество продукции
320 _aБиблиогр.: с. 278-300
516 0 _aПочвы, удобрения и качество продукции
606 _aУдобрения
_xВлияние на рост и развитие растений
_2psbo
606 _aСельскохозяйственные культуры
_xКачество
_2psbo
606 _aПочвы
_xВлияние на рост и развитие растений
_2psbo
686 _aШ27.25,0
_2rubbk
700 1 _aАвдонин
_bН. С.
_f1903-1979
_gНиколай Сергеевич
801 0 _aRU
_bNLR
_gpsbo
801 1 _aRU
_bELAR
_2rusmarc
852 _aNLR
_j79-3/7710
899 _aRuMoRGB
_jБ 79-21/300
899 _aRuMoRGB
_jБ 79-21/301
942 _cBOOK
980 _aNB